000 00880nam a2200241 i 4500
003 DO-SdBNP
005 20230811122956.0
006 a||||fr|||| 00| 0
007 ta
008 230811e1976 dr ad||| |||| 00| 0 spa d
040 _aDO-SdBNP
_bspa
_cBNPHU
_erda
082 4 _222
_bM433a
100 1 _aMatos Berrido,Leonardo
_924949
_eautor
245 _aAuge actual de la educación en la República Dominicana. /
_cLeonardo Matos Berrido
264 1 _aSanto Domingo :
_bSecretaría de Estado de Educación, Bellas Artes y Cultos,
_c1976
300 _a55 páginas :
_bIlustraciones, gráficas ;
_c28 cm.
336 _2rdacontent
_atexto
_btxt
337 _2rdamedia
_asin mediación
_bn
338 _2rdacarrier
_avolumen
_bncc
490 _a1976- Año de Duarte
830 _nPublicaciones de la Secretaría de Estado de Educación, Bellas Artes y Cultos,
_983935
942 _2ddc
_cLBS1
999 _c54385
_d54385